00689nam a22002177a 450000500170000001000120001702000190002903500120004803700160006004000120007608200150008810000280010324500760013124600060020726000480021327000550026130000260031650000510034265000300039365000480042320170124105920.0 aB-83197 c00a0195641213 aB-83197 bCen Lib/Ret aDPLbEN a307.7bSRI aSrivastava, Vinay Kumar aReligious renunciation of postoral people /cby Vinay Kumar Srivastava  b  bOxford University Press c1997 aNew Delhi  bNew Delhi aymca, building, Jaisingh road e110001 axiii, 314p.c21cm(Hb) aIncludes bibliographical references and index  aRenunciation (Philosophy) aPolitical & Economical Dominant--Rajasthan